00601nam a2200193 a 45000010005000000030009000050080041000140400028000550820017000831000019001002450126001192600035002453000010002804900023002906500031003136500026003446500015003706500022003853680CO-ViMGA141112s2004 ck r 000 u spa d aCO-ViMGAbspacCO-ViMGA04a658.409 A8131 aAubert, Nicole10aEl coste de la excelencia : b¿del caos a la lógica o de la lógica al caos? / cAubert Nicole , Gaulejac Vincent de  aBarcelona : bPaidós, c1993 a285 p aPaidós contextos14aADMINISTRACION DE EMPRESAS14aDr. Gaulejac, Vincent14aEXCELENCIA14aEXITO EMPRESARIAL